Districts of the Kingdom of Bavaria in 1808 on a Map - Statistics

General Stats
  • This quiz has been taken 47 times
  • The average score is 6 of 15
Answers on the Map
Answers color-coded by a green-red scale on the quiz's map according to % correct below.
 
Answer Stats
Kreise % Correct
Inn
91%
Regen
71%
Isar
57%
Main
51%
Lech
46%
Iller
43%
Etsch
34%
Pegnitz
34%
Altmühl
29%
Naab
26%
Salzach
26%
Lower Danube
20%
Upper Danube
20%
Eisack
11%
Rezat
9%
No matching quizzes found
Score Distribution
Percent of People with Each Score
Percentile by Number Answered
Your Score History
You have not taken this quiz